Responses for show #7063 - Wednesday, May 6, 2015

Contestants

Rebecca Golden, a writer from Hamtramck, Michigan

Mike Duval, a television production coordinator from Norwood, Massachusetts

Scott Ylinen, a draftsman and college student from Morgantown, West Virginia (whose 2-day cash winnings total $43,655)

Jeopardy! Round responses

WORLD OF WATERCRAFT
CENTRAL AMERICA
WHAT ABOUT BOB?
COMPLETE THE NATIONAL BOOK AWARD TITLE
LIGHT THE CANDLES
ADD AN "S"
(Alex: Each correct response will be two words exactly the same except we have added an "S" to one of them.)
    $200 15
a kayak

Rebecca
    $200 5
the Pan-American Highway

Scott
    $200 1
Bob Hope

Mike
    $200 13
Sophie's

Mike
    $200 19
burning it at both ends

Mike
    $200 11
gap & gasp

Mike
    $400 6
Managua

Scott
    $400 2
Bob Dylan

Mike
    $400 14
Shipping

Scott
    $400 23
(Alex: And with less than a minute to go.)

Candlestick Park

Rebecca
    $400 12
hotel & hostel

Rebecca
    $600 7
Costa Rica

Mike
    $600 3
Bob Costas

Mike
    $600 16
(Alex: Yes, just like your name.)
(Rebecca: Yes.)

Golden

Rebecca
    $600 24
"Candle In The Wind"

Mike
    $600 20
wait & waist

Triple Stumper
    $800 28
(Scott: What is a storm-force warning?)
(Rebecca: What is a gale-force warning?)
[The end-of-round signal sounds.]

a small-craft advisory

ScottRebecca
Triple Stumper
    $800 8
a volcano

Scott
    $1,200 4
(Alex: Mike?)
(Mike: I got nothing.)

Bob Marley

Mike
    $800 17
Rabbit

Rebecca
    $800 25
a taper

Rebecca
    $800 21
beat & beast

Mike
    $1000 27
the Medusa

Scott
    $1000 9
(Scott: What is Guatemala?)

Honduras

Scott
Triple Stumper
    $1000 10
Bob Fosse

Mike
    $1000 18
Misrule

Triple Stumper
    $1000 26
bell & book

Triple Stumper
    $1000 22
bail & basil

Rebecca

Scores at the first commercial break (after clue 14):

Scott Mike Rebecca
$800 $2,000 $400

Scores at the end of the Jeopardy! Round:

Scott Mike Rebecca
$1,000 $3,600 $3,400

Double Jeopardy! Round responses

AGRICULTURE
9-LETTER WORDS
TV ODDS & ENDS
UNNAMED BIBLE PEOPLE NAMED
YOU
...& WHAT ARMY?
    $400 9
cocoa beans

Scott
    $400 29
[The end-of-round signal sounds.]

the Rich and Famous

Scott
    $400 16
(Mike: Who is Jonah?)

Noah

MikeRebecca
    $400 28
cells

Scott
    $400 1
Virginia

Rebecca
    $800 10
almonds

Scott
    $800 6
scrimmage

Mike
    $800 3
Parks and Recreation

Mike
    $800 17
Salome

Scott
    $800 27
a disc

Scott
    $4,500 21
terra-cotta

Scott
    $1200 11
the Future Farmers of America

Rebecca
    $1200 5
constable

Triple Stumper
    $1200 2
Kirstie Alley

Mike
    $1200 18
the Queen of Sheba

Scott
    $2,000 12
an embryo

Rebecca
    $1200 22
the Red Army

Scott
    $1600 14
fallow

Scott
    $1600 7
fledgling

Scott
    $1600 4
Kate & Allie

Rebecca
    $1600 19
Abraham

Triple Stumper
    $1600 25
(Scott: What is a uterus?)
...
(Alex: Less than a minute now to deal with these five remaining clues, Rebecca.)

the brain

Scott
Triple Stumper
    $1600 23
the Wehrmacht

Scott
    $2000 15
(Mike: Who is Perdue?)

Tyson

ScottMike
    $2000 8
(Mike: What is a courtyard?)
(Scott: What is a palladio?)
(Rebecca: What is a promenade?)
...
(Alex: No harm, no foul. You all lost the same amount of money.)

peristyle

ScottMikeRebecca
Triple Stumper
    $2000 13
Highlander

Scott
    $2000 20
Dismas

Triple Stumper
    $2000 26
(Scott: What is the tympanum? [*]?)

the tympanic membrane

Scott
    $2000 24
the British Expeditionary Force

Rebecca

Scores at the end of the Double Jeopardy! Round:

Scott Mike Rebecca
$18,700 $2,000 $9,000
(lock game)

[wagering suggestions for these scores]

Final Jeopardy! Round responses

SCHOOLS AROUND THE WORLD
MikeWhat is Vienna?
$1,989
RebeccaWhat is Vienna?
$1,980
ScottWhat is Vienna?
$350
Vienna, Austria

Final scores:

Scott Mike Rebecca
$19,050 $3,989 $10,980
3-day champion: $62,705 3rd place: $1,000 2nd place: $2,000

Game dynamics:

Coryat scores:

Scott Mike Rebecca
$15,000 $3,200 $8,200
20 R
(including 1 DD),
4 W
13 R,
4 W
(including 1 DD)
13 R
(including 1 DD),
2 W

Combined Coryat: $26,400

The J! Archive is created by fans, for fans. The Jeopardy! game show and all elements thereof, including but not limited to copyright and trademark thereto, are the property of Jeopardy Productions, Inc. and are protected under law. This website is not affiliated with, sponsored by, or operated by Jeopardy Productions, Inc. Join the discussion at JBoard.tv.